Poemas de la locura (Record no. 80549)

MARC details
000 -LEADER
campo de control de longitud fija 00889nam a2200265 i 4500
001 - NÚMERO DE CONTROL
campo de control 80549
003 - IDENTIFICADOR DE NÚMERO DE CONTROL
campo de control ES-MaACL
005 - FECHA Y HORA DE LA ÚLTIMA TRANSACCIÓN
campo de control 20240419134139.0
007 - CAMPO FIJO DE DESCRIPCIÓN FÍSICA--INFORMACIÓN GENERAL
campo de control de longitud fija t|
008 - DATOS DE LONGITUD FIJA--INFORMACIÓN GENERAL
campo de control de longitud fija 041028s1978 sp |||| | spa d
080 ## - NÚMERO DE LA CLASIFICACIÓN DECIMAL UNIVERSAL
Número de la Clasificación Decimal Universal 821.112.2-14"18"
100 1# - ENTRADA PRINCIPAL--NOMBRE DE PERSONA
Nombre de persona Hölderlin, Friedrich.
9 (RLIN) 64001
245 10 - MENCIÓN DEL TÍTULO
Título Poemas de la locura
Resto del título : precedidos de algunos testimonios de sus contemporáneos /
Mención de responsabilidad, etc. Friedrich Hölderlin ; traducción y notas de Txaro Santoro y José María Alvarez.
250 ## - MENCION DE EDICION
Mención de edición Ed. bilingüe.
260 ## - PUBLICACIÓN, DISTRIBUCIÓN, ETC.
Lugar de publicación, distribución, etc. Pamplona :
Nombre del editor, distribuidor, etc. Peralta,
Fecha de publicación, distribución, etc. 1978.
300 ## - DESCRIPCIÓN FÍSICA
Extensión 160 p. ;
Dimensiones 21 cm.
490 1# - MENCIÓN DE SERIE
Mención de serie Poesía Hiperión ;
Designación de volumen o secuencia 4
500 ## - NOTA GENERAL
Nota general Índice.
546 ## - NOTA DE IDIOMA
Nota de lengua/lenguaje Texto paralelo alemán y español.
700 1# - ENTRADA AGREGADA--NOMBRE PERSONAL
Nombre de persona Santoro, Txaro.
9 (RLIN) 103461
700 0# - ENTRADA AGREGADA--NOMBRE PERSONAL
Nombre de persona Alvarez, José María,
Fechas asociadas al nombre 1942-
9 (RLIN) 20651
830 0# - PUNTO DE ACCESO ADICIONAL DE SERIE-TÍTULO UNIFORME
Título uniforme Poesía Hiperión ;
Designación de volumen o secuencia 4
9 (RLIN) 177326
852 ## - LOCALIZACIÓN
Ubicación ES-MaACL
Número de control de estantería A-10188
Holdings
Estatus retirado Estado de pérdida Estado de daño No para préstamo Biblioteca de origen Biblioteca actual Ubicación en estantería Fecha de adquisición Fuente de adquisición Total de préstamos Signatura topográfica completa Código de barras Visto por última vez Precio de reemplazo Tipo de ítem Koha
        Biblioteca del Ateneo de Madrid Biblioteca del Ateneo de Madrid Depósito 1 17/01/2008     A-10188 1084215 23/02/2023 23/02/2023 Libro impreso